Comparative Study of Business Etiquette in the USA and Great Britain bakalárska práca

Enregistré dans:
Détails bibliographiques
Auteur principal: Hrkeľová, Veronika
Collectivité auteur: Fakulta aplikovaných jazykov EU v Bratislave. Katedra interkultúrnej komunikácie
Autres auteurs: Biliková, Beáta, 1971-
Format: Livre
Langue:anglais
Publié: Bratislava 2013
Tags: Ajouter un tag
Pas de tags, Soyez le premier à ajouter un tag!

MARC

LEADER 00000nbm a2200000 4500
001 0170109
005 20161109112013.0
041 0 |a eng 
044 |a SK 
245 1 0 |a Comparative Study of Business Etiquette in the USA and Great Britain  |b bakalárska práca  |c Veronika Hrkeľová ; školiteľ: Beáta Biliková 
264 1 |a Bratislava  |c 2013 
300 |a 37 s. 
100 1 |a Hrkeľová, Veronika 
700 1 |a Biliková, Beáta, 1971- 
710 2 |a Fakulta aplikovaných jazykov EU v Bratislave. Katedra interkultúrnej komunikácie